Na březích Labe

Titel: Na březích Labe : Lobkovice a Mlékojedy v proměnách času / Martin Čejka ...
Beteiligt:
Ausgabe: 1. vyd.
Veröffentlicht: Hostivice : Baron, 2014
Umfang: 192 Seiten : Illustrationen
Format: Buch
Sprache: Tschechisch
Schlagworte:
ISBN: 8086914739 ; 9788086914732
Buchumschlag
X
Lokale Klassifikation: 23 8 N 101 ; 25 8 D 92
alg: 34983920
001A    $03004:11-11-14 
001B    $01999:29-01-25 $t09:50:15.000 
001D    $03004:10-07-15 
001U    $0utf8 
001X    $00 
002@    $0Aau 
002C    $aunbewegtes Bild $bsti $2rdacontent 
002C    $aText $btxt $2rdacontent 
002D    $aohne Hilfsmittel zu benutzen $bn $2rdamedia 
002E    $aBand $bnc $2rdacarrier 
003@    $0349839204 
004A    $080-86914-73-9 
004A    $A978-80-86914-73-2 
007A    $0349839204 $aHEB 
007G    $0DE020BB7CBD9398F4EC11C1257F4600337CDE 
009P    $qapplication/pdf $A2 $3Inhaltsverzeichnis $uhttp://scans.hebis.de/HEBCGI/show.pl?34983920_toc.pdf $mV:DE-603;B:DE-Mb50 
010@    $acze 
011@    $a2014 $n2014 
013D    $RBuch $RBildliche Darstellung $#Abbildungen Formschlagwort $#Ansichtspostkarte Formschlagwort $#Bildatlas $#Bilddokumente $#Bilder Formschlagwort $#Bildmaterial Formschlagwort $#Ansichten Formschlagwort $#Bildsammlung $#Abbildungswerk $#Illustrationswerk $#Photographien-Bildband $#Fotographien-Bildband $#Bildbände $74145395-5 $8Bildband [Ts1] $9085578738 
021A    $aNa březích Labe $dLobkovice a Mlékojedy v proměnách času $hMartin Čejka ... 
028C    $#Čejka, Martin $71057036471 $8Čejka, Martin R.$Z1975- [Tp3] $9346689678 
032@    $a1. vyd. 
033A    $pHostivice $nBaron 
034D    $a192 Seiten 
034M    $aIllustrationen 
044K    $qDNB $#Lobkowitz $71058459449 $8Lobkovice [Tg1] $934757307X 
044K    $qDNB $RLitoměřice $#Německé Mlékojedy $#Deutsch Mlikojed $7105845899X $8Mlékojedy$gLitoměřice [Tg1] $9347572642 
045F    $eDDC22ger 
045F/01 $a307.09 
045F/03 $g4371 
045R    $aGeschichte 

lok: 34983920 24
101B    $022-01-16 $t10:13:52.000 
101C    $010-07-15 
101U    $0utf8 
145Z/01 $a23 8 N 101 
145Z/02 $a25 8 D 92 

exp: 34983920 24 1 #EPN
201B/01 $010-07-15 $t17:43:18.000 
201C/01 $011-11-14 
201U/01 $0utf8 
203@/01 $0744032725 
208@/01 $a10-07-15 $bz 
209A/01 $a15.00460 $du $f050 $h15 00460 $x00 
209C/01 $a15.00460 K $h15 00460 K 
209G/01 $a73597838 $x00 
220C/01 $akon 
247C/01 $8358050-7 Marburg, Bibliothek des Herder-Instituts Marburg $9102600961
LEADER 00000cam a2200000 c 4500
001 349839204
003 DE-603
005 20250129095015.0
007 tu
008 141111s2014 xx |||| | u00||u|cze c
020 |a 8086914739 
020 |a 9788086914732 
035 |a (DE-599)HEB349839204 
040 |a DE-603  |b ger  |c DE-603  |d DE-603 
041 |a cze 
085 |8 1\u  |b 307.09 
085 |8 1\u  |z 2  |s 4371 
245 0 0 |a Na březích Labe  |b Lobkovice a Mlékojedy v proměnách času  |c Martin Čejka ... 
250 |a 1. vyd. 
264 1 |a Hostivice  |b Baron  |c 2014 
300 |a 192 Seiten  |b Illustrationen 
336 |a unbewegtes Bild  |b sti  |2 rdacontent 
336 |a Text  |b txt  |2 rdacontent 
337 |a ohne Hilfsmittel zu benutzen  |b n  |2 rdamedia 
338 |a Band  |b nc  |2 rdacarrier 
648 7 |a Geschichte  |2 gnd 
651 7 |a Lobkovice  |0 (DE-588)1058459449  |0 (DE-603)34757307X  |2 gnd 
651 7 |a Mlékojedy  |g Litoměřice  |0 (DE-588)105845899X  |0 (DE-603)347572642  |2 gnd 
655 7 |a Bildband  |2 gnd-content  |0 (DE-588)4145395-5  |0 (DE-603)085578738 
700 1 |a Čejka, Martin R.  |d 1975-  |0 (DE-603)346689678  |0 (DE-588)1057036471  |2 gnd 
856 4 2 |m V:DE-603;B:DE-Mb50  |q application/pdf  |u http://scans.hebis.de/HEBCGI/show.pl?34983920_toc.pdf  |3 Inhaltsverzeichnis 
924 0 |9 Mb 50  |a (DE-603)744032725  |b DE-Mb50  |c HES  |d c  |g 15.00460